|
|
|
|
| LEADER |
00696nta a2200169 i 4500 |
| 001 |
dipl2203 |
| 005 |
20130314071128.0 |
| 008 |
110312s2001 hu om 0|| hun d |
| 040 |
|
|
|a SZTE Diploma Repozitórium
|b hun
|
| 041 |
|
|
|a hun
|
| 100 |
1 |
|
|a Turcsányi Zoltán
|
| 245 |
1 |
0 |
|a Alkalmazásfejlesztés webes keretrendszerekben Linux platformon
|h [elektronikus dokumentum] /
|c Zoltán Turcsányi
|
| 260 |
|
|
|c 2001
|
| 650 |
|
4 |
|a Informatika
|
| 700 |
1 |
|
|a Virágh János
|e ths
|
| 856 |
4 |
0 |
|u http://diploma.bibl.u-szeged.hu/id/eprint/2203/1/2001_turcsanyi_zoltan_01_186.pdf
|z Dokumentum-elérés
|
| 856 |
4 |
0 |
|u http://diploma.bibl.u-szeged.hu/id/eprint/2203/2/2001_turcsanyi_zoltan_01_186_velemeny.pdf
|z Dokumentum-elérés
|